| 000 | 00447nam a22001697a 4500 | ||
|---|---|---|---|
| 005 | 20260312162907.0 | ||
| 008 | 260312b |||||||| |||| 00| 0 eng d | ||
| 037 | _cDSWL | ||
| 040 |
_aDSWL _cDSWL |
||
| 041 | _heng | ||
| 245 | _aSpeaking peace | ||
| 260 |
_aNew Delhi, _bKali For Women, _c2002 |
||
| 300 | _a312p | ||
| 440 | _v312p | ||
| 942 |
_2CC _cTEXL _n0 |
||
| 999 |
_c1715277 _d1715277 |
||